000 00362nam a22001337a 4500
082 _aRIB.25 678.065:678.028
_bMAJ
100 _aMAJUMDAR (Samir)
245 _aTyre curing envelops
246 _aRubber Industry Books Box. Paocketbook. 25
260 _aThailand
_bTechnobiz Communications
_c2018
300 _a35p.
650 _aTyre curing envelops
942 _cBK
999 _c74828
_d74828